000 00704nam a2200289Ia 4500
005 20260324144513.0
008 008 260324s9999 xx 000 0 eng d
020 _a9781315312293
037 _aEBOOK
040 _aCRL
040 _beng
040 _cCRL
041 _2eng
041 _aeng
084 _qCRL
100 _aMahmoud M. Ayoub
_91219566
245 0 _aIslam and the Third Universal Theory
245 4 _bThe Religious Thought of Mu'ammar al-Qadhdhafi
260 _bTaylor and Francis
260 _c1987
365 _a
365 _b180
856 _uhttp://www.taylorfrancis.com/books/9781315312293
942 _cEBOOK
999 _c1826258
_d1826258